Tìm hiểu văn hóa Thái Lan

Giới thiệu về địa lý, lịch sử, tín ngưỡng, tôn giáo, lễ hội truyề thống và nghi lễ vòng đời sống, văn học, nghệ thuật...của Thái lan

Zapisane w:
Opis bibliograficzny
1. autor: Trường Khang
Kolejni autorzy: Tiến Sinh (Văn Điều)
Format: Książka
Język:Vietnamese
Wydane: H. Văn hóa - thông tin 2011
Hasła przedmiotowe:
Etykiety: Dodaj etykietę
Nie ma etykietki, Dołącz pierwszą etykiete!
Thư viện lưu trữ: Mạng thư viện Đại học Đà Nẵng
LEADER 01249nam a2200337 4500
001 000016562
003 12965
005 20121114091156.0
008 121114s2011 viesd
020 |c 50000 
041 0 |a vie 
082 |a 306.09593  |b TR-K 
100 0 |a Trường Khang 
245 0 |a Tìm hiểu văn hóa Thái Lan  |c Trường Khang, Tiến Sinh, Văn Điều 
260 |a H.  |b Văn hóa - thông tin  |c 2011 
300 |a 312 tr.  |b ảnh  |c 21 cm. 
504 |a Thư mục tr. 309-311 
520 |a Giới thiệu về địa lý, lịch sử, tín ngưỡng, tôn giáo, lễ hội truyề thống và nghi lễ vòng đời sống, văn học, nghệ thuật...của Thái lan 
650 |a Văn hóa 
650 |a Thái Lan 
700 |a Tiến Sinh  |e Văn Điều 
OWN |a LSP 
AVA |a UDN50  |b LSP  |d 306.09593 TR-K  |e available  |t Error 5001 Not defined in file expand_doc_bib_avail.  |f 9  |g 0  |h N  |i 0  |k 1 
999 |a From the UDN01 
AVA |a UDN50  |b LSP  |d 306.09593 TR-K  |e available  |t Error 5001 Not defined in file expand_doc_bib_avail.  |f 9  |g 0  |h N  |i 0  |k 1 
TYP |a Monograph 
TYP |a Printed language 
980 |a Mạng thư viện Đại học Đà Nẵng